Breve exámen de las teorías relacionadas con la determinación de la tasa de cambio (Registro nro. 16435)
[ vista simple ]
| 000 -LEADER | |
|---|---|
| fixed length control field | 00379 a2200109 4500 |
| 001 - CONTROL NUMBER | |
| control field | ART_3487 |
| 005 - DATE AND TIME OF LATEST TRANSACTION | |
| control field | 20260410161715.0 |
| 008 - FIXED-LENGTH DATA ELEMENTS--GENERAL INFORMATION | |
| fixed length control field | 260409a |
| 100 1# - MAIN ENTRY--PERSONAL NAME | |
| Personal name | Villanueva, Javier |
| 245 10 - TITLE STATEMENT | |
| Title | Breve exámen de las teorías relacionadas con la determinación de la tasa de cambio |
| 773 0# - HOST ITEM ENTRY | |
| Title | Desarrollo económico |
| Related parts | - Vol. 25, Nº 99 (oct. /dic. 1985) |
| Record control number | REV1174 |
No hay ítems disponibles.